| 000 | 00994cam a22003374i 4500 | ||
|---|---|---|---|
| 003 | PE-LiUPU | ||
| 005 | 20250731183400.0 | ||
| 008 | 150623s r 000 0 d | ||
| 020 | _a1573120022 | ||
| 035 | _a(Sirsi) i9781573120029 | ||
| 040 |
_aPE-LiUPU _bspa _cPE-LiUPU _erda |
||
| 049 | _aPRUA | ||
| 082 | 0 | 4 |
_a783.95 _bL52 _221 |
| 100 |
_aHawn, Michael, _eeditor. _96200 |
||
| 245 | 0 | 0 | _aFor the living of these days: resources for enriching worship. |
| 264 | 1 |
_aMacon, Georgia : _bSmyth and Helwys Publishing, Inc., _c1995. |
|
| 300 |
_a106 páginas : _bilustraciones partituras ; _c23 centímetros |
||
| 336 |
_atext _2rdacontent |
||
| 337 |
_aunmediated _2rdamedia |
||
| 338 |
_avolume _2rdacarrier |
||
| 505 | 0 | _aWorship resorces. -Indexes. | |
| 526 | _aP158 | ||
| 526 | _aP146 | ||
| 526 | _aP17 | ||
| 526 | _aP12 | ||
| 526 | _aP06 | ||
| 650 | 0 | 4 | _aCulto publico. |
| 942 |
_2ddc _cBK |
||
| 999 |
_c23875 _d23875 |
||
| 980 |
_81 _gALBERTO SANCHEZ Responsable de Automatización |
||